Loading...
| Literature - European | 0 | 10 | 1 | 0 | 95 | 69 | 104.90 | 5 | 10 | 22.02 | 62.50 |
| Literature - World | 0 | 8 | 1 | 0 | 75 | 63 | 95.63 | 6 | 7 | 21.72 | 58.33 |
| Literature - American | 0 | 8 | 2 | 0 | 70 | 28 | 65.75 | 6 | 8 | 35.80 | 57.50 |
| Literature - British | 0 | 6 | 0 | 0 | 60 | 50 | 106.00 | 1 | 6 | 12.75 | 35.83 |
| Fine Arts - Painting and Sculpture | 0 | 5 | 0 | 1 | 50 | 71 | 103.60 | 2 | 3 | 8.08 | 25.00 |
| Science - Chemistry | 0 | 4 | 0 | 0 | 40 | 76 | 85.75 | 0 | 3 | 7.15 | 18.33 |
| Philosophy | 0 | 4 | 0 | 0 | 40 | 80 | 100.00 | 1 | 3 | 5.56 | 22.50 |
| Science - Physics | 0 | 3 | 0 | 0 | 30 | 55 | 90.33 | 0 | 3 | 6.64 | 20.00 |
| Fine Arts - Other | 0 | 3 | 0 | 0 | 30 | 75 | 101.00 | 0 | 1 | 4.26 | 10.00 |
| Science - Other | 0 | 3 | 0 | 2 | 30 | 49 | 95.67 | 1 | 3 | 4.40 | 18.33 |
| Fine Arts - Classical Music | 0 | 4 | 2 | 0 | 30 | 92 | 103.25 | 2 | 4 | 6.29 | 22.50 |
| Mythology | 0 | 2 | 1 | 1 | 15 | 102 | 113.00 | 0 | 1 | 1.42 | 5.00 |
| Religion | 0 | 1 | 0 | 0 | 10 | 99 | 99.00 | 1 | 1 | 1.94 | 8.33 |
| Science - Biology | 0 | 1 | 0 | 0 | 10 | 94 | 94.00 | 0 | 1 | 1.46 | 5.00 |
| History - American | 0 | 1 | 0 | 0 | 10 | 50 | 50.00 | 0 | 1 | 4.58 | 6.67 |
| History - World | 0 | 1 | 0 | 0 | 10 | 64 | 64.00 | 1 | 1 | 4.07 | 8.33 |
| History - Other | 0 | 0 | 1 | 0 | -5 | 0.00 | 0 | 0 | 0.00 | 0.00 |